| 000 | 01896nam a22002658i 4500 | ||
|---|---|---|---|
| 001 | 99115815031204341 | ||
| 005 | 20250331140740.0 | ||
| 008 | 190104s2019 enka 000|0|eng|d | ||
| 015 |
_aGBB940652 _2bnb |
||
| 016 | 7 |
_a019280150 _2Uk |
|
| 020 | _a9780241298817 (pbk.) : | ||
| 035 | _a(Uk)019280150 | ||
| 040 |
_aStDuBDS _beng _cStDuBDS _erda |
||
| 100 |
_aWilkinson, Philip, _d1955- _eauthor. |
||
| 245 | 1 | 0 |
_aGreat designs _c/ Philip Wilkinson. |
| 246 | 1 |
_iOn cover: _aGreat designs _b: the world's best design explored & explained |
|
| 264 | 1 |
_aLondon : _bDorling Kindersley, _c2019. |
|
| 300 |
_a256 pages _billustrations ; _c28 cm |
||
| 500 | _aPrevious edition: 2013. | ||
| 520 | _aA lavishly illustrated guide to the history of design, this book showcases more than 100 of the most groundbreaking and important design classics ever created - from the 1860s to the present. Discover the story of design and its evolution from the industrial revolution to the modern day - from William Morris wallpaper and the Swiss Army Knife to 21st-century icons of design such as the Apple iPad and Philippe Starck's Masters Chair. With stunning photography and useful explanatory pull-outs of characteristic features, each entry shows you the numerous ways in which art and engineering have created products that are both functional and beautiful. Comprehensive profiles of each celebrated design explain why each one was created, and who for, and how innovations in technology and materials made its creation possible. Covering design from the everyday to the avant-garde, and from interior design to furniture, glassware, tableware, textiles, cars, electronics, and graphics, Great Designs is perfect for anyone who loves beautiful objects. | ||
| 650 | 0 |
_aIndustrial design _xHistory. |
|
| 650 | 0 |
_aFurniture design _xHistory. |
|
| 650 | 0 |
_aProduct design _xHistory. |
|
| 942 | _2lcc | ||
| 999 |
_c4617 _d4617 |
||